Acta Facultatis rerum naturalium Universitatis Comenianae Meteorologia
| New Title: | Acta meteorologica Universitatis Comenianae |
|---|---|
| Other Authors: | |
| Format: | Serial |
| Language: | Slovak German Russian |
| PhysicalDescription: | 12 zv. mp., tab. 23 cm |
| Published: |
Bratislava
Slovenské pedagogické nakladateľstvo
1959-1982
|
| ISSN: | 0373-8191 |
| Subjects: |
MARC
| LEADER | 00000cas a2200000 a 4500 | ||
|---|---|---|---|
| 001 | vtls001362524 | ||
| 003 | SK-MaSNL | ||
| 005 | 20260228155750.0 | ||
| 008 | 181127d19591982xo uu 0000b0slo | ||
| 015 | |a SKSNBA1970/02-00373 (publ. II/1969) |a SKSNBA1971/04-00896 (publ. III/1971) |a SKSNBA1971/04-00897 (publ. IV/1971) |a SKSNBA1972/04-00900 (publ. V/1972) |a SKSNBA1973/04-00745 (publ. VI/1973) |a SNBA1977 (publ. VII/1976) |a SNBA1981 (publ. IX/1979) |a SNBA1979 (publ. X/1979) |a SNBA1981 (publ. XI/1981) |a SNBA1983/02 (publ. XII/1982) | ||
| 022 | |a 0373-8191 | ||
| 035 | |a SNK000316121 | ||
| 040 | |a SNK |b slo |c SNK |e AACR2 | ||
| 041 | 0 | |a slo |a ger |a rus |b slo |b rus |b ger | |
| 044 | |a xo |c SK | ||
| 072 | 7 | |a 551 |x Geológia. Meteorológia. Klimatológia |2 konspekt | |
| 080 | |a 050 |2 2001 | ||
| 080 | |a 551.5 |2 2001 | ||
| 080 | |a (082) |2 2001 | ||
| 210 | 0 | |a Acta Fac. rerum natur. Univ. Comen., Meteorol. | |
| 222 | 0 | |a Acta Facultatis rerum naturalium Universitatis Comenianae. Meteorologia | |
| 245 | 0 | 0 | |a Acta Facultatis rerum naturalium Universitatis Comenianae |p Meteorologia |
| 246 | 1 | 0 | |a Meteorologia |
| 246 | 3 | 3 | |a Meteorológia |
| 260 | |a Bratislava |b Slovenské pedagogické nakladateľstvo |c 1959-1982 | ||
| 300 | |a 12 zv. |b mp., tab. |c 23 cm | ||
| 310 | |a Periodicita nie je známa | ||
| 362 | 0 | |a Publ. I (1959)-XII (1982) | |
| 500 | |a Súčasťou názvu Acta Facultatis rerum naturalium Universitatis Comenianae je označenie Tom. III, Fasc. IV, časť Meteorologia označená ako publ. I | ||
| 500 | |a Vedecký red.: III (1971)-VI (1973), Ferdinand Šamaj | ||
| 500 | |a Publ. VI (1973) má uvedené bližšie určenie obsahu - (astronómia, geofyzika) | ||
| 500 | |a Hlavný red.: VII (1976)-XII (1982), Ján Tomlain | ||
| 546 | |a Čiast. text aj nem., rus. ; res. slov., rus., nem. | ||
| 650 | 0 | 7 | |a meteorológia |2 SNKPH |9 873 |
| 650 | 0 | 7 | |a Meteorology |2 SNKPHeng |9 265293 |
| 655 | 7 | |a zborníky |2 SNKPH |9 70165 | |
| 655 | 7 | |a Papers of several authors |2 SNKPHeng |9 153738 | |
| 700 | 1 | |a Šamaj, Ferdinand, |d 1931-2012 |4 red |4 lso |9 223118 | |
| 700 | 1 | |a Tomlain, Ján, |d 1932- |4 pbd |9 109256 | |
| 785 | 0 | 0 | |t Acta meteorologica Universitatis Comenianae |w vtls001470808 |
| 910 | |a snk | ||
| 916 | |a 1959-1982 | ||
| 958 | |a NB | ||
| 999 | |c 469 |d 469 | ||
| 952 | |0 0 |1 0 |4 0 |7 0 |a SNK |b SNK |d 2014-03-13 |f 1 |i snkKSP 5475/78 |l 0 |o snkČSC 976/8/1978 |p 17A0812545 |r 2026-02-21 20:13:25 |w 2026-02-21 |y PREZ | ||
| 952 | |0 0 |1 0 |4 0 |7 0 |a SNK |b SNK |d 2012-01-12 |i snkKSP 2374/72 |l 0 |o snkČSC 976/5/1972 D1 |p 17A0762527 |r 2026-02-21 20:23:02 |w 2026-02-21 |y PREZ | ||
| 952 | |0 0 |1 0 |4 0 |7 0 |a SNK |b SNK |d 2014-03-12 |f 1 |i snkKSP 4934/60 |l 0 |o snkČSC 976/1/1959 |p 17A0812538 |r 2026-02-21 20:42:09 |w 2026-02-21 |y PREZ | ||
| 952 | |0 0 |1 0 |4 0 |7 0 |a SNK |b SNK |d 2014-03-12 |f 1 |i snkKSP 2147/70 |l 0 |o snkČSC 976/2/1969 |p 17A0812539 |r 2026-02-21 20:42:09 |w 2026-02-21 |y PREZ | ||
| 952 | |0 0 |1 0 |4 0 |7 0 |a SNK |b SNK |d 2014-03-12 |f 1 |i snkKSP 3203/71 |l 0 |o snkČSC 976/3/1971 |p 17A0812540 |r 2026-02-21 20:42:09 |w 2026-02-21 |y PREZ | ||
| 952 | |0 0 |1 0 |4 0 |7 0 |a SNK |b SNK |d 2014-03-12 |f 1 |i snkKSP 3205/71 |l 0 |o snkČSC 976/4/1971 |p 17A0812541 |r 2026-02-21 20:42:09 |w 2026-02-21 |y PREZ | ||
| 952 | |0 0 |1 0 |4 0 |7 0 |a SNK |b SNK |d 2014-03-12 |f 1 |i snkKSP 2373/72 |l 0 |o snkČSC 976/5/1972 |p 17A0812542 |r 2026-02-21 20:42:09 |w 2026-02-21 |y PREZ | ||
| 952 | |0 0 |1 0 |4 0 |7 0 |a SNK |b SNK |d 2014-03-12 |f 1 |i snkKSP 3449/73 |l 0 |o snkČSC 976/6/1973 |p 17A0812543 |r 2026-02-21 20:42:10 |w 2026-02-21 |y PREZ | ||
| 952 | |0 0 |1 0 |4 0 |7 0 |a SNK |b SNK |d 2014-03-12 |f 1 |i snkKSP 3449/73 |l 0 |o snkČSC 976/6/1973/príl. |p 17A0859220 |r 2026-02-21 20:42:10 |t 7 obr. príl. |w 2026-02-21 |y PREZ | ||
| 952 | |0 0 |1 0 |4 0 |7 0 |a SNK |b SNK |d 2014-03-12 |f 1 |i snkKSP 300/77 |l 0 |o snkČSC 976/7/1976 |p 17A0812544 |r 2026-02-21 20:42:10 |w 2026-02-21 |y PREZ | ||
| 952 | |0 0 |1 0 |4 0 |7 0 |a SNK |b SNK |d 2014-03-12 |f 1 |i snkKSP 300/77 |l 0 |o snkČSC 976/7/1976/príl. |p 17A0859221 |r 2026-02-21 20:42:10 |t 5 mp. príl. |w 2026-02-21 |y PREZ | ||
| 952 | |0 0 |1 0 |4 0 |7 0 |a SNK |b SNK |d 2014-03-13 |f 1 |i snkKSP 5475/78 |l 0 |o snkČSC 976/8/1978/príl. |p 17A0859222 |r 2026-02-21 20:42:10 |t 3 mp, 9 tab. príl. |w 2026-02-21 |y PREZ | ||
| 952 | |0 0 |1 0 |4 0 |7 0 |a SNK |b SNK |d 2014-03-13 |f 1 |i snkKSP 1566/81 |l 0 |o snkČSC 976/11/1981 |p 17A0812753 |r 2026-02-21 20:42:10 |w 2026-02-21 |y PREZ | ||
| 952 | |0 0 |1 0 |4 0 |7 0 |a SNK |b SNK |d 2014-03-13 |f 1 |i snkKSP 124/83 |l 0 |o snkČSC 976/12/1982 |p 17A0812754 |r 2026-02-21 20:42:10 |w 2026-02-21 |y PREZ | ||
| 952 | |0 0 |1 0 |4 0 |7 0 |a SNK |b SNK |d 2021-06-24 |i snkKSP 299/77 |l 0 |o snkČSC 976/7/1976 D1 |p 17A1316511 |r 2026-02-21 21:21:04 |w 2026-02-21 |y PREZ | ||
| 952 | |0 0 |1 0 |4 0 |7 0 |a SNK |b SNK |d 1999-05-05 |f 1 |i snkKSP 5627/79 |l 0 |o snkČSC 976/10/1979 |p 17A0193150 |r 2005-01-02 00:00:00 |w 2026-02-21 |y PREZ | ||
| 952 | |0 0 |1 0 |4 0 |7 0 |a SNK |b SNK |d 1999-05-05 |f 1 |i snkKSP 1693/81 |l 0 |o snkČSC 976/9/1979 |p 17A0188679 |r 2005-01-02 00:00:00 |w 2026-02-21 |y PREZ | ||


